[Event "LTU-ch Rapid op"]
[Site "Vilnius"]
[Date "2021.07.17"]
[Round "4"]
[White "Vedrickas, Tautvydas"]
[Black "Povilaitis, Tomas"]
[Result "1-0"]
[WhiteElo "2235"]
[BlackElo "2024"]
[PlyCount "87"]
[EventDate "2021.07.17"]
[EventType "swiss (rapid)"]
[EventRounds "9"]
[EventCountry "LTU"]
[SourceTitle "EXT 2023"]
[Source "ChessBase"]
[SourceDate "2022.10.05"]
[SourceVersion "1"]
[SourceVersionDate "2022.10.05"]
[SourceQuality "1"]

1. d4 Nf6 2. c4 e6 3. Nc3 d5 4. cxd5 exd5 5. Bg5 Be7 6. e3 0-0 7. Bd3 h6 8. Bf4 b6 9. Nge2 c5 10. 0-0 Ba6 11. Rc1 Qd7 12. Bxb8 Bxd3 13. Qxd3 Raxb8 14. dxc5 bxc5 15. b3 Rfd8 16. Rfd1 Rbc8 17. Qa6 Qe6 18. Qa4 Qe5 19. h3 Bd6 20. Qf4 Qh5 21. Qf3 Qe5 22. g3 Bb8 23. Na4 Ne4 24. Nf4 Ng5 25. Qg4 f5 26. Qe2 Qe4 27. Nc3 Qe8 28. Ncxd5 Qe4 29. Nc3 Qb7 30. Nfd5 Nxh3+ 31. Kh2 Ng5 32. Qc4 Kh8 33. Kg2 Re8 34. Rd3 Qf7 35. Nf4 Qb7+ 36. Qd5 Qb4 37. Ng6+ Kh7 38. Qxf5 Kg8 39. Nd5 Qb7 40. Nge7+ Rxe7 41. Qxc8+ Kf7 42. Qf5+ Kg8 43. Rxc5 Rf7 44. Rc8+ 1-0